Modely a praxe zdanění soukromého pojištění. 2

Potreba upraviť režim dane z príjmov súkromných poisťovní včítane penzijných fondov. Zdanenie kapitálových príjmov poisťovní. Zdanenie príjmov jednotlivcov. Zaobchádzanie s poistným a poistným plnením. Teoretický model zdanenia výdavkov. Koncepcia zdanenia reálnych príjmov. Koncepcia daňových režimo...

Descrizione completa

Salvato in:
Dettagli Bibliografici
Autore principale: Vostatek, Jaroslav
Natura: Capitolo di libro
Lingua:ceco
Soggetti:
Tags: Aggiungi Tag
Nessun Tag, puoi essere il primo ad aggiungerne!!

MARC

LEADER 00000naa a2200000 4500
001 r026790
005 20230922092538.5
041 0 |a cze 
044 |a CZ 
245 1 0 |a Modely a praxe zdanění soukromého pojištění. 2  |c J. Vostatek 
520 |a Potreba upraviť režim dane z príjmov súkromných poisťovní včítane penzijných fondov. Zdanenie kapitálových príjmov poisťovní. Zdanenie príjmov jednotlivcov. Zaobchádzanie s poistným a poistným plnením. Teoretický model zdanenia výdavkov. Koncepcia zdanenia reálnych príjmov. Koncepcia daňových režimov životného poistenia. Poistné platené zamestnávateľom. 
610 2 0 |a dane 
610 2 0 |a poistenie súkromné 
610 2 0 |a modely 
610 2 0 |a fondy penzijné 
610 2 0 |a Česko 
610 2 0 |a dane z príjmov 
610 2 0 |a osoby fyzické 
610 2 0 |a osoby právnické 
610 2 0 |a poistenie 
610 2 0 |a poisťovne 
610 2 0 |a poistenie životné 
100 1 |a Vostatek, Jaroslav